| 000 | 00860 a2200193 4500 | ||
|---|---|---|---|
| 999 |
_c9338 _d9338 |
||
| 020 | _a9780702194573 | ||
| 020 | _a0702194573 | ||
| 050 | 0 | 0 | _aKF8810 BAS 2012 |
| 100 | 1 |
_aBascerano, Eugene G., _eauthor |
|
| 245 | 1 | 2 |
_aA basic guide to civil procedure in the magistrates' courts / _cEugene G. Bascerano, LLB, University of Pretoria, advanced certificate in labour law, attorney of the High Court of South Africa, admitted conveyancer. |
| 264 | 1 |
_aClaremont [Cape Town, South Africa] : _bJuta, _c2012. |
|
| 300 |
_axiii, 259 pages : _billustrations, forms ; |
||
| 500 | _aIncludes index | ||
| 650 | 0 | _aCivil procedure | |
| 650 | 0 | _aCourt rules | |
| 856 | 4 | 1 |
_3Table of contents only _uhttp://www.loc.gov/catdir/toc/fy14pdf02/2012526466.html |
| 942 |
_2lcc _cBK _h8810 _iBAS _kKF |
||